Environmental technology verification report for the plasma enhanced melter / (Record no. 18526)

000 -LEADER
fixed length control field 00529cam a22001694a 4500
020 ## - INTERNATIONAL STANDARD BOOK NUMBER
ISBN 0784406332
040 ## - CATALOGING SOURCE
Transcribing agency DLC
082 00 - DEWEY DECIMAL CLASSIFICATION NUMBER
Classification number 628 CER 2002 C147 Or.
245 00 - TITLE STATEMENT
Title Environmental technology verification report for the plasma enhanced melter /
260 ## - PUBLICATION, DISTRIBUTION, ETC. (IMPRINT)
Place of publication Washington, DC :
Name of publisher CERF/IIEC,
Year of publication c2002.
300 ## - PHYSICAL DESCRIPTION
Number of Pages xx, 62 p. :
Other physical details ill. ;
Dimensions 28 cm.
500 ## - GENERAL NOTE
General note "CERF/IIEC report #40633."
650 #0 - SUBJECT ADDED ENTRY--TOPICAL TERM
Topical Term Hazardous wastes
650 #0 - SUBJECT ADDED ENTRY--TOPICAL TERM
Topical Term Hazardous wastes
710 2# - ADDED ENTRY--CORPORATE NAME
Corporate name or jurisdiction name as entry element Environmental Technology Evaluation Center (U.S.)
942 ## - ADDED ENTRY ELEMENTS (KOHA)
Koha item type ADB
952 ## - LOCATION AND ITEM INFORMATION (KOHA)
Withdrawn status [LOCAL, KOHA] 0
Holdings
Source of acquisition Permanent Location Date acquired Koha item type Lost status Shelving location Current Location Full call number
A38806Library Block C2019-12-17សៀវភៅភាសាអង់គ្លេស C147Library Block C628 CER 2002 C147 Or.
មជ្ឈមណ្ឌលឯការនៃសាកលវិទ្យាល័យភូមិន្ទកសិកម្មចំការដូង

Powered by Koha